|
|
|
|
| LEADER |
00698nam a22001937a 4500 |
| 008 |
150914b xxu||||| |||| 00| 0 eng d |
| 020 |
|
|
|a 9780415822589
|
| 082 |
|
|
|a 777.34 MUS
|
| 100 |
|
|
|a Musburger, Robert B.
|
| 245 |
|
|
|a Single - camera video production /
|c Robert B.Musburger and Michael R. Ogden
|
| 250 |
|
|
|a 6th ed.
|
| 260 |
|
|
|a New York :
|b Focal Press,
|c 2014.
|
| 300 |
|
|
|a 308p.
|
| 650 |
|
|
|a Video production
|
| 700 |
|
|
|a Musburger, Robert B.
|
| 700 |
|
|
|a Ogden, Michael R.
|
| 942 |
|
|
|2 ddc
|c BK
|
| 999 |
|
|
|c 12323
|d 12323
|
| 952 |
|
|
|0 0
|1 0
|2 ddc
|4 0
|6 777_340000000000000_MUS
|7 0
|9 17431
|a MAIN
|b MAIN
|d 2015-09-14
|e Modern Book Centre
|g 2146.00
|l 1
|o 777.34 MUS
|p 18491
|r 2018-10-31
|s 2018-10-08
|t 1
|w 2015-09-14
|y BK
|